| 000 | 01116 a2200205 4500 | ||
|---|---|---|---|
| 003 | Nust | ||
| 005 | 20221013113545.0 | ||
| 010 | _a 79016404 | ||
| 020 | _a0312882270 : | ||
| 040 | _cNust | ||
| 082 | 0 | 0 | _a574,MOR |
| 100 | 1 |
_aMorowitz, Harold J. _9100101 |
|
| 245 | 1 | 4 |
_aThe wine of life, and other essays on societies, energy & living things / _cHarold J. Morowitz. |
| 260 |
_aNew York : _bSt. Martin's Press, _cc1979. |
||
| 300 |
_a265 p. ; _c22 cm. |
||
| 505 | _aPart-1: The Six Million Dollar Man – Science and Humanism (Page-3), Part-2: Christ Clausius and Corrosion –Some Thermal Under thoughts (Page-43), Part- 3: Bulls Bears and Bacteria Looking at Flora and Fauna (Page-73), Part-4: Zen and the Art of Getting into Medical School Comments on Education Research and Medicine (Page-115), Part-5: The Crazy Hairy Naked Ape Reflections on Social Animals (Page-155), Part-6: The Wine of Life Poring Over Ideas (Page-195), Part-7: Drinking Hemlock and Other Nutritional Matters Thoughts on what we Know (Page-231). | ||
| 650 | 0 |
_aBiology. _91785 |
|
| 650 | 0 |
_aSocial history. _933505 |
|
| 942 |
_2ddc _cBK |
||
| 999 |
_c188511 _d188511 |
||